000 01035nas a2200301 4500
001 BR0707119
003 BR-BrBNA
005 20231205111354.0
007 ta
008 230509b bl.|||p| |||| 00| 00por d
040 _aBR-BrBNA
_bpor
_cBiblioteca Nacional de Agricultura
041 _a(Pt)
072 _aL70
100 1 _aPereira, H.M.
100 1 _aBlasquez, F.J.H.
100 1 _aParra, O.M.
100 1 _aCogliati, B.
100 1 _aCosta, W.P.
111 1 _a8. Jornada de Medicina Veterinária da UNIPAR
_cUmuarama, PR
_d01-04 Sep 2003
245 1 _aQualificação do tecido colágeno em fígado com fibrose induzida de ratas (Ratus norvegicus albinus)tratadas com fatores hepatotróficos exógenos
650 _aRATO DE LABORATÓRIO
650 _aFÍGADO
650 _aFIBROSE
650 _aCOLÁGENO
773 0 _tArquivos de Ciências Veterinárias e Zoologia da UNIPAR (Brazil)
_xISSN 1415-8167
_g(Jul-Dec 2003), v. 6(2) p. 210
_wBR0707119
909 _a202311
_bLúcia
_c55
_dLúcia Elande
942 _2AGRIS
_n0
_cANA
999 _c192335
_d192335